Príprava a aplikácia lignínu na čiastočnú alebo úplnú náhradu lepidla na báze polyvinyalcetátu

Uložené v:
Podrobná bibliografia
Hlavný autor: Lisý, Anton (Autor)
Ďalší autori: Ház, Aleš (Vedúci práce)
Médium: Rukopis Kniha
Jazyk:Slovak
Vydavateľské údaje: 2018
Predmet:
On-line prístup:http://is.stuba.sk/zp/portal_zp.pl?podrobnosti=136328
Tagy: Pridať tag
Žiadne tagy, Buďte prvý, kto otaguje tento záznam!

MARC

LEADER 00000ntm a22000003a 4500
001 stuzp68731
003 SK-STU
005 20180602210804.7
007 ta
008 150427s2015----xo-----f-mn---000-0-slo-d
040 |a STU  |b slo 
041 0 |a slo 
100 1 |a Lisý, Anton  |u 049380  |4 aut  |U FCHPT Ústav prírodných a syntetických polymérov  |T FCHPT Oddelenie dreva, celulózy a papiera  |X 61256  |U C9380  |Y 129  |7 61256 
242 0 1 |a Preparation and application of lignin for partial or complete replacement of polyvinyl acetate based adhesive  |y eng 
245 1 0 |a Príprava a aplikácia lignínu na čiastočnú alebo úplnú náhradu lepidla na báze polyvinyalcetátu 
260 |c 2018 
650 4 |a lepidlá  |2 slo 
650 4 |a polyvinylacetát  |2 slo 
650 4 |a lignín  |2 slo 
650 4 |a drevné kompozity  |2 slo 
650 4 |a lignin  |2 eng 
650 4 |a wood composites  |2 eng 
650 4 |a glue  |2 eng 
650 4 |a polyvinyl acetate  |2 eng 
700 1 |a Ház, Aleš  |u 049380  |k Z2  |4 ths  |U FCHPT Ústav prírodných a syntetických polymérov  |T FCHPT Oddelenie dreva, celulózy a papiera  |X 22008  |U C9380  |Y 129  |7 A000022008 
856 4 |u http://is.stuba.sk/zp/portal_zp.pl?podrobnosti=136328